Quizlendrier de l'Avent #19 - Livres par synonymes - Version Noël - Statistiques

Statistiques générales
  • Ce quiz a été pris 113 fois
  • Le résultat moyen est 3 sur 9
Statistiques - réponses
Titres détournés Titres % Correct
Brise-Noix et le Seigneur des rongeurs Casse-Noisette et le Roi des souris
90%
Santa est un déchet Le Père Noël est une ordure
90%
Fonnes Bêtes! Noyeux Joël!
40%
Une chanson de la Nativité Un chant de Noël
39%
Nativité sur la Montagne Grizzly Noël sur le Mont Ours
23%
Epistoles de Saint-Nicolas Lettres du Père Noël
19%
Xmas Custards Christmas Pudding
4%
Jack et l'Immense Epopée du Goret Noëlesque Jack et la Grande Aventure du Cochon de Noël
4%
Antépénultième jour précédant le réveillon Trois jours avant Noël
2%
Aucun quiz correspondant
Distribution des résultats
% des personnes avec chaque résultat
Percentile par nombre de réponses
Votre historique - résultats
Vous n’avez pas pris ce quiz